Audio-visuelle Medien für Geographie und Wirtschaftskunde an allgemeinbildenden höheren Schulen

Saved in:
Bibliographic Details
Format: Book
Language:German
Published: Wien Bundesministerium für Unterricht und Kunst 1980
Tags: Add Tag
No Tags, Be the first to tag this record!

MARC

LEADER 00000nam a2200000 4500
001 c130243
005 20250717120730.8
041 0 |a ger 
044 |a AT 
245 1 0 |a Audio-visuelle Medien für Geographie und Wirtschaftskunde an allgemeinbildenden höheren Schulen 
264 1 |a Wien  |b Bundesministerium für Unterricht und Kunst  |c 1980 
300 |a 187 s.